Loading...
| Literature - World | 0 | 6 | 0 | 2 | 60 | 60 | 112.83 | 2 | 2 | 8.04 | 19.29 |
| Literature - European | 0 | 2 | 0 | 1 | 20 | 113 | 127.50 | 0 | 1 | 1.05 | 3.57 |
| Mythology | 0 | 2 | 0 | 1 | 20 | 91 | 118.50 | 1 | 1 | 2.75 | 8.33 |
| Literature - American | 0 | 2 | 0 | 0 | 20 | 42 | 67.50 | 1 | 2 | 7.38 | 11.90 |
| Current Events | 0 | 1 | 0 | 0 | 10 | 46 | 46.00 | 1 | 1 | 22.06 | 33.33 |
| Pop Culture | 0 | 1 | 0 | 1 | 10 | 133 | 133.00 | 0 | 0 | -0.19 | 4.17 |
| Fine Arts - Painting and Sculpture | 0 | 1 | 1 | 1 | 5 | 134 | 134.00 | 0 | 0 | 0.00 | 1.19 |
| Literature - British | 0 | 0 | 0 | 0 | 0 | 0.00 | 0 | 0 | 0.00 | 0.00 | |
| Fine Arts - Other | 0 | 0 | 1 | 0 | -5 | 0.00 | 0 | 0 | 0.00 | 0.00 | |
| Science - Other | 0 | 0 | 1 | 0 | -5 | 0.00 | 0 | 0 | 0.00 | 0.00 |